| 000 | 00000nam##2200000za#4500 |
| 001 | 9.621606 |
| 003 | CaOODSP |
| 005 | 20200327170528 |
| 007 | ta |
| 008 | 150406|1990||||xxc||||| f|0| 0 fre|d |
| 040 | |aCaOODSP|bfre |
| 043 | |an-cn--- |
| 086 | 1 |aFs97-6/1741F |
| 110 | 1 |aCanada. |bMinistère des pêches et des océans. |
| 245 | 10|aGuide d'utilisation du logiciel: modèle multiplicatif / |cpar Manon Mallet. |
| 260 | |aOttawa - Ontario : |bPêches et Océans Canada |c1990. |
| 300 | |a35, 45p. : |bfigures, graphiques, tableaux ; |c28 cm. |
| 490 | 1 |aRapport technique canadien des sciences halieutiques et aquatiques|v1741F |
| 500 | |aPréparé au Ministère des Pêches et des Océans, Direction des sciences, C.P. 5030, Moncton, N.-B. E1C 9B6. |
| 546 | |aAbstracts in English |
| 563 | |aCouverture souple |
| 720 | 1 |aMallet, Manon |
| 776 | 0#|tGuide d'utilisation du logiciel, 'Modèle Multiplicatif' / |w(CaOODSP)9.603981 |
| 830 | #0|aRapport technique canadien des sciences halieutiques et aquatiques ;|v1741F|w(CaOODSP)9.513051 |